000 00784nam a2200241 i 4500
003 DO-SdBNP
005 20260116095230.0
007 ta
008 260116b1979 dr a|||| |||| 00| 0 spa d
040 _aDO-SdBNP
_bspa
_cBNPHU
_erda
041 _aspa
082 4 _axxx
_bxxx
_222
100 _aRondon, Rafael,
_eautor
_4aut.
_988877
245 1 0 _arecomendaciones básicas para obtener éxito en la crianza de conejos /
_cRafael Rondon
264 1 _aSanto Domingo, Distrito Nacional :
_bSecretaría de Estado de Agricultura,
_c1979.
300 _a33 páginas :
_bilustraciones ;
_c22 cm.
336 _atexto
_btxt
_2rdacontent
337 _asin mediación
_bn
_2rdamedia
338 _avolumen
_bnc
_2rdacarrier
590 _aInventariado, 2026/BT
910 _aBtavárez
942 _2ddc
_cLF2
999 _c60110
_d60110